000 00922cab a2200241 4500
001 ABS56598
008 090401t1997 xxu||||| |||| 00| 0 eng d
035 _a(Sirsi) u24770
041 _aeng
100 _aAlbery, P.
245 _aLandlord and Tenant Act 1954 to be revisited ..again?
260 _c1997
350 _a0
490 _aFarmland Market
_v4(3) February 1997, 18-19(2)
520 _aDiscusses a DoE consultation paper reviewing the Landlord and Tenant Act 1954 Part II which governs relations between landlords and tenants in the renewal of commercial leases. The proposals aim to make the bargaining position between landlords and tenants equal and to minimise costs.
650 _aLANDLORD AND TENANT ACT PT II
650 _aLAW COMMISSION
650 _aLEASE RENEWAL
650 _aSECURITY OF TENURE
690 _aLANDLORD AND TENANT-BUSINESS TENANCIES
942 _n0
948 _c04/03/1997
999 _c16620
_d16620